Statistics for Random Trivia #5

Click here to take the quiz!

General Stats

  • This quiz has been taken 118 times
    (88 since last reset)
  • The average score is 8 of 15

Answer Stats

HintAnswer% Correct
Has the largest military in the world( as of 2012)China
81%
Assassinated Abraham LincolnJohn Wilkes Booth
75%
Jackson is the capital of what US state?Mississippi
74%
What country is most-infamous for taking Americans Hostage?Iran
68%
What city were The Beatles from?Liverpool
63%
Most Widely-spoken language in the worldMandarin
62%
Who plays William Wallace in the film "Braveheart" ?Mel Gibson
60%
The US military includes The Marines, The Army, Airforce, Navy and...Coast Guard
60%
What US city do the Mavericks play for in the NBA?Dallas, Texas
58%
Vikings originated in what European region?Scandinavia
56%
FDA stands for...Food and Drug Administration
53%
Country landlocked and surrounded by South AfricaLesotho
44%
Toucan Sam represents what brand?Froot Loops
40%
Who founded The Red Cross?Clara Barton
29%
Capital of LiechtensteinVaduz
22%

Score Distribution

Percentile by Number Answered

Percent of People with Each Score

Your Score History

You have not taken this quiz since the last reset